Management Journal of Contemporary Management Issues

Saved in:
Bibliographic Details
Format: Serial
Language:English
Croatian
Published: Split Ekonomski fakultet
Tags: Add Tag
No Tags, Be the first to tag this record!

MARC

LEADER 00000nas1a2200000 4500
001 0270049
005 20250701092128.9
022 |a 1331-0194 
022 |a 1846-3363 
041 0 |a eng 
041 0 |a hrv 
044 |a HR 
245 1 0 |a Management  |b Journal of Contemporary Management Issues 
264 1 |a Split  |b Ekonomski fakultet